| 000 -LEADER |
| fixed length control field |
00772cgm a22002773a 4500 |
| 001 - CONTROL NUMBER |
| control field |
19450897 |
| 005 - DATE AND TIME OF LATEST TRANSACTION |
| control field |
20180222033452.0 |
| 007 - PHYSICAL DESCRIPTION FIXED FIELD--GENERAL INFORMATION |
| fixed length control field |
vffczaho| |
| 008 - FIXED-LENGTH DATA ELEMENTS--GENERAL INFORMATION |
| fixed length control field |
170113s2015 xxu009 mleng |
| 010 ## - LIBRARY OF CONGRESS CONTROL NUMBER |
| LC control number |
2017600038 |
| 017 ## - COPYRIGHT OR LEGAL DEPOSIT NUMBER |
| Copyright or legal deposit number |
PA0001965823 |
| Assigning agency |
U.S. Copyright Office |
| 033 00 - DATE/TIME AND PLACE OF AN EVENT |
| Formatted date/time |
2015---- |
| 040 ## - CATALOGING SOURCE |
| Original cataloging agency |
DLC |
| Transcribing agency |
DLC |
| Description conventions |
amim |
| 041 ## - LANGUAGE CODE |
| Language code of text/sound track or separate title |
eng |
| 080 ## - UNIVERSAL DECIMAL CLASSIFICATION NUMBER |
| Universal Decimal Classification number |
94 ann |
| 100 ## - Rafti |
| Rafti |
16 |
| 101 ## - Shkurtesa |
| Shkurtesa |
his |
| 245 00 - TITLE STATEMENT |
| Title |
Chinese Theatre history. |
| 246 1# - VARYING FORM OF TITLE |
| Display text |
Copyright application title: |
| Title proper/short title |
Documentary on Hollywood Chinese Theatre |
| 246 1# - VARYING FORM OF TITLE |
| Display text |
Container title: |
| Title proper/short title |
TCM Chinese Theatre history |
| 257 ## - COUNTRY OF PRODUCING ENTITY FOR ARCHIVAL FILMS |
| Country of producing entity |
United States. |
| 511 0# - PARTICIPANT OR PERFORMER NOTE |
| Participant or performer note |
Host: Ben Mankiewicz. |
| 906 ## - LOCAL DATA ELEMENT F, LDF (RLIN) |
| a |
0 |
| b |
cbc |
| c |
orignew |
| d |
u |
| e |
ncip |
| f |
20 |
| g |
y-movingim |
| 942 ## - ADDED ENTRY ELEMENTS (KOHA) |
| Source of classification or shelving scheme |
|
| Item type |
Books |